Valuation of development land, (Record no. 121300)
[ view plain ]
| 000 -LEADER | |
|---|---|
| fixed length control field | 01298nam a22002657a 4500 |
| 001 - CONTROL NUMBER | |
| control field | 121300 |
| 008 - FIXED-LENGTH DATA ELEMENTS--GENERAL INFORMATION | |
| fixed length control field | 160218s xxk|||||o|||| 00| 0 eng d |
| 020 ## - INTERNATIONAL STANDARD BOOK NUMBER | |
| ISBN | 9781783210473 |
| 041 ## - LANGUAGE CODE | |
| Language code of text/sound track or separate title | eng |
| 110 ## - MAIN ENTRY--CORPORATE NAME | |
| Corporate author | Royal Institution of Chartered Surveyors |
| 245 ## - TITLE STATEMENT | |
| Title | Valuation of development land, |
| Subtitle | RICS guidance note, Hong Kong: HKGN 1 |
| Medium | [Electronic resource] |
| 250 ## - EDITION | |
| Edition statement | 1st |
| 260 ## - PUBLICATION INFORMATION | |
| Place of publication | London, |
| Publisher | Royal Institution of Chartered Surveyors, |
| Date | May 2014 |
| 300 ## - PHYSICAL DESCRIPTION | |
| Physical description | 24p |
| 490 ## - SERIES TITLE | |
| Series statement | RICS guidance note, |
| 520 ## - ABSTRACT | |
| Abstract | This guidance note discusses the approach to the valuation of property where the proposed development is of a cleared, or greenfield, site, or where the site is to be redeveloped by removing all, or substantially all, of the existing buildings and constructing new buildings. These various scenarios are referred to throughout as ‘development land’ |
| 650 ## - KEYWORDS | |
| Keywords | Valuation |
| 650 ## - KEYWORDS | |
| Keywords | Development Land |
| 650 ## - KEYWORDS | |
| Keywords | Hong Kong |
| 651 ## - SUBJECT ADDED ENTRY--GEOGRAPHIC NAME | |
| Geographic name | Hong Kong |
| 690 ## - BROAD SUBJECT | |
| 9 (RLIN) | 6273 |
| Broad subject | Valuation |
| 710 ## - ADDED CORPORATE NAME | |
| Added corporate author | Royal Institution of Chartered Surveyors |
| 856 ## - ONLINE RESOURCE | |
| Uniform Resource Identifier | <a href="https://www.rics.org/globalassets/rics-website/media/upholding-professional-standards/sector-standards/valuation/valuation-of-development-land-hong-kong-first-edition">https://www.rics.org/globalassets/rics-website/media/upholding-professional-standards/sector-standards/valuation/valuation-of-development-land-hong-kong-first-edition</a> |
| Public note | Available free on RICS.org |
| 942 ## - ADDED ENTRY ELEMENTS (KOHA) | |
| Suppress in OPAC | Do not suppress in OPAC |
| Lost status | Damaged status | Not for loan | Current library | Shelving location | Date acquired | Total Checkouts | Date last seen | Price effective from | Koha item type |
|---|---|---|---|---|---|---|---|---|---|
| Virtual | Online | 04/01/2023 | 04/01/2023 | 04/01/2023 | Online material |